00158pam a2200097 a 4500020000500000041000500005245002300010260000900033300000800042653001000050 c h aThe Life of Birrds c1967 a546 aBirds